El estado de flujo de efectivo ajustado por inflación. Alternativas de presentación en las NCPA (Registro nro. 12523)

Detalles MARC
000 -LEADER
fixed length control field 00436 a2200133 4500
001 - CONTROL NUMBER
control field ART_50489
005 - DATE AND TIME OF LATEST TRANSACTION
control field 20260410161632.0
008 - FIXED-LENGTH DATA ELEMENTS--GENERAL INFORMATION
fixed length control field 260409a
100 1# - MAIN ENTRY--PERSONAL NAME
Personal name Petti, Ana María
245 10 - TITLE STATEMENT
Title El estado de flujo de efectivo ajustado por inflación. Alternativas de presentación en las NCPA
700 1# - ADDED ENTRY--PERSONAL NAME
Personal name Fonseca, Diana Luján
700 1# - ADDED ENTRY--PERSONAL NAME
Personal name Biasi, Leonardo Iván
773 0# - HOST ITEM ENTRY
Title Enfoques
Related parts - N°1 (ene. 2020)
Record control number REV416

No hay ítems disponibles.